| 000 | 01385nam0a2200337 4500 | ||
|---|---|---|---|
| 001 | RU\NLR\bibl\99397 | ||
| 005 | 20250617083050.0 | ||
| 010 |
_a5-87978-086-4 _9500 |
||
| 021 |
_aRU _b2000-11562 _9570 |
||
| 035 | _a(NLR Aleph) 000097176 | ||
| 090 |
_a547400 _c547400 |
||
| 100 | _a20000720d1999 |||y0rusy50 ca | ||
| 101 | 0 | _arus | |
| 102 | _aRU | ||
| 105 | _aa ||||||||| | ||
| 200 | 1 |
_aФормирование и развитие педагогической деятельности студентов _e[Систем. подход] _fР. М. Асадуллин |
|
| 210 |
_aУфа _cБГПИ _d1999 |
||
| 215 |
_a146 с. _cил. _d20 |
||
| 320 | _aБиблиогр.: с. 129 - 145 (193 назв.) | ||
| 606 | 0 |
_aПедагогические институты _xМетодика преподавания _9924275 _3RU\NLR\auth\6620559 |
|
| 606 | 0 |
_aВысшие педагогические учебные заведения _xПреподавание _92338624 _3RU\NLR\AUTH\661398037 |
|
| 686 | _aЧ489.511,6(2)2 | ||
| 700 | 1 |
_4070 _7ca _8rus _aАсадуллин _bР. М. _f1953- _gРаиль Мирваевич _97451 _3RU\NLR\auth\7724400 |
|
| 801 | 0 |
_aRU _bNLR _c20000720 _gPSBO |
|
| 801 | 1 |
_aRU _bNLR _c20000720 |
|
| 830 | _aАвт. раскрыт по кн. | ||
| 852 |
_aNLR _j2000-3/6675 |
||
| 942 | _cBOOK | ||
| 980 | _aNB | ||